Loading...
| Fine Arts - Other | 0 | 4 | 0 | 1 | 40 | 57 | 94.75 | 3 | 4 | 8.26 | 27.27 |
| Religion | 0 | 3 | 1 | 2 | 25 | 61 | 92.00 | 1 | 2 | 4.63 | 15.91 |
| Literature - British | 0 | 2 | 0 | 0 | 20 | 29 | 44.50 | 2 | 2 | 11.09 | 18.18 |
| Fine Arts - Classical Music | 0 | 2 | 0 | 0 | 20 | 113 | 117.00 | 2 | 2 | 1.56 | 18.18 |
| History - Other | 0 | 2 | 0 | 2 | 20 | 101 | 108.00 | 0 | 1 | 0.08 | 6.82 |
| Mythology | 0 | 1 | 0 | 0 | 10 | 72 | 72.00 | 0 | 1 | 3.68 | 6.82 |
| History - American | 0 | 1 | 0 | 1 | 10 | 104 | 104.00 | 0 | 0 | 0.00 | 2.27 |
| History - World | 0 | 1 | 0 | 0 | 10 | 87 | 87.00 | 1 | 1 | 1.83 | 9.09 |
| Popular Culture | 0 | 1 | 0 | 0 | 10 | 15 | 15.00 | 1 | 1 | 14.47 | 16.67 |
| Science - Biology | 0 | 1 | 0 | 0 | 10 | 98 | 98.00 | 0 | 1 | 0.69 | 6.82 |
| Science - Chemistry | 0 | 1 | 0 | 1 | 10 | 131 | 131.00 | 0 | 1 | 0.00 | 2.27 |
| Geography | 0 | 0 | 0 | 0 | 0 | 0.00 | 0 | 0 | 0.00 | 0.00 | |
| Philosophy | 0 | 0 | 1 | 0 | -5 | 0.00 | 0 | 0 | 0.00 | 0.00 | |
| Science - Other | 0 | 0 | 1 | 0 | -5 | 0.00 | 0 | 0 | 0.00 | 0.00 |